| 000 | 00880nam a2200217Ia 4500 | ||
|---|---|---|---|
| 999 |
_c34554 _d34554 |
||
| 001 | 314 | ||
| 003 | GE_BSU | ||
| 005 | 20200203124215.0 | ||
| 008 | 181216s2009||||ge |||||||||||||| ||geo|| | ||
| 020 | _a9998689 | ||
| 040 | _cGE_BSU | ||
| 041 | _ageo | ||
| 080 | _a616.89(075.8) ვ-39 | ||
| 100 |
_aვერულაშვილი, ი. _96538 |
||
| 245 |
_aნევროლოგია : ტოპიკური დიაგნოსტიკის საფუძვლები : _b[სახელმძღვ. უმაღლ. სამედ. სასწ.] / _c ი. ვერულაშვილი. |
||
| 264 |
_aთბილისი : _bს/ს "სტამბა", _c2009. |
||
| 300 |
_a272 გვ.: _b ნახ. ; _c19 სმ. |
||
| 653 | _aკლინიკური ნევროლოგია | ||
| 653 | _aმედიცინა | ||
| 942 |
_cBK _2udc |
||